Rubber: Paalinoppam thadiyum (Record no. 68189)
[ view plain ]
| 000 -LEADER | |
|---|---|
| fixed length control field | 00254nam a2200109Ia 4500 |
| 100 ## - MAIN ENTRY--AUTHOR NAME | |
| Personal name | Meenakumari T |
| 245 #0 - TITLE STATEMENT | |
| Title | Rubber: Paalinoppam thadiyum |
| 260 ## - PUBLICATION, DISTRIBUTION, ETC. (IMPRINT) | |
| Name of publisher | Rubber |
| Year of publication | 2014 |
| 300 ## - PHYSICAL DESCRIPTION | |
| Number of Pages | 12-Nov |
| 942 ## - ADDED ENTRY ELEMENTS (KOHA) | |
| Koha item type | Journals |
| Withdrawn status | Lost status | Damaged status | Not for loan | Home library | Current library | Shelving location | Date acquired | Serial Enumeration / chronology | Koha item type |
|---|---|---|---|---|---|---|---|---|---|
| Journals | RRII Library | RRII Library | Rubber general | 22/10/2014 | Volume 583, Issue Oct | Journals |